Space communications systems / (Record no. 15183)
[ view plain ]
| 000 -LEADER | |
|---|---|
| fixed length control field | 00861nam a2200253 a 4500 |
| 001 - CONTROL NUMBER | |
| control field | 15183 |
| 003 - CONTROL NUMBER IDENTIFIER | |
| rucl marc code | BD-RjUL |
| 005 - DATE AND TIME OF LATEST TRANSACTION | |
| control field | 20211208235751.0 |
| 008 - FIXED-LENGTH DATA ELEMENTS--GENERAL INFORMATION | |
| fixed length control field | 140209s1965 a b 001 0 eng d |
| 035 ## - SYSTEM CONTROL NUMBER | |
| System control number | (BD-RjUL)15237 |
| 040 ## - CATALOGING SOURCE | |
| Original cataloging agency | VCAV |
| Language of cataloging | eng |
| Transcribing agency | VCAV |
| Modifying agency | NUN |
| -- | BD-RjUL |
| 041 ## - LANGUAGE CODE | |
| Language code of text/sound track or separate title | eng |
| 082 04 - DEWEY DECIMAL CLASSIFICATION NUMBER | |
| Classification number | 629.437 |
| Author mark and year | FIS 1965 |
| 100 1# - MAIN ENTRY--PERSONAL NAME | |
| Personal name | Filipowsky, Richard F. |
| 9 (RLIN) | 47245 |
| 245 10 - TITLE STATEMENT | |
| Title | Space communications systems / |
| Statement of responsibility, etc. | by Richard F. Filipowsky and Eugen I. Muehldorf. |
| 260 ## - PUBLICATION, DISTRIBUTION, ETC. (IMPRINT) | |
| Place of publication, distribution, etc. | Englewood Cliffs, N. J. : |
| Name of publisher, distributor, etc. | Prentice-Hall, |
| Date of publication, distribution, etc. | 1965. |
| 300 ## - PHYSICAL DESCRIPTION | |
| Pagination | xvi, 575 p : |
| Illustrations | illus., maps ; |
| Size | 24 cm. |
| 504 ## - BIBLIOGRAPHY, ETC. NOTE | |
| Bibliography, etc | Includes bibliographical references and index. |
| 650 #0 - SUBJECT ADDED ENTRY--TOPICAL TERM | |
| Topical term or geographic name as entry element | Astronautics |
| General subdivision | Communication systems. |
| 9 (RLIN) | 47208 |
| 700 1# - ADDED ENTRY--PERSONAL NAME | |
| Personal name | Muehldorf, Eugen I. |
| 942 ## - ADDED ENTRY ELEMENTS (KOHA) | |
| Source of classification or shelving scheme | Dewey Decimal Classification |
| Koha item type | Books |
| Lost status | Source of classification or shelving scheme | Damaged status | Not for loan | Collection code | Permanent Location | Current Location | Shelving location | Date acquired | Source of acquisition | Cost, normal purchase price | Total Checkouts | Full call number | Date last seen | Copy number | Koha item type |
|---|---|---|---|---|---|---|---|---|---|---|---|---|---|---|---|
| Dewey Decimal Classification | Not For Loan | Non-fiction | Central Library, University of Rajshahi | Central Library, University of Rajshahi | Reading Room | 03/10/1970 | Zeitlinger | 158.00 | 629.437 FIS 1965 | 09/02/2014 | C-1 | Books |